| 000 | 00733atm a2200265 4500 | ||
|---|---|---|---|
| 005 | 20260310175218.0 | ||
| 008 | 150727b2006 xxu||||| |||| 00| 0 spa d | ||
| 041 | _aESP | ||
| 082 | _a001.42 G216m | ||
| 100 | _aGarcía Fernández, Dora | ||
| 245 | _aMetodología del trabajo de investigación: guía práctica | ||
| 250 | _a3 edición | ||
| 260 | _aMéxico | ||
| 260 | _bTrillas | ||
| 260 | _c2006 | ||
| 300 | _a86 páginas | ||
| 490 | _aTemática General | ||
| 505 | _aÍndice analítico | ||
| 650 | _aMÉTODOS DE INVESTIGACIÓN | ||
| 650 | _aINVESTIGACIÓN CIENTÍFICA | ||
| 650 | _aMETODOLOGÍA | ||
| 650 | _aPROCESO DE INVESTIGACIÓN | ||
| 650 | _aESTRUCTURA DEL TRABAJO DE INVESTIGACIÓN | ||
| 942 |
_cBK _2ddc |
||
| 999 |
_c6504 _d6504 |
||